BSOP header

在聖靈裡的生活 Zai sheng ling li de sheng huo = Life in the Spirit {ch} / (Record no. 29158)

MARC details
000 -LEADER
fixed length control field 00706nam a22001817a 4500
005 - DATE AND TIME OF LATEST TRANSACTION
control field 20190329204210.0
008 - FIXED-LENGTH DATA ELEMENTS--GENERAL INFORMATION
fixed length control field 121218b ch ||||| |||| 00| 0 chi d
020 ## - INTERNATIONAL STANDARD BOOK NUMBER
International Standard Book Number 9789575565930
020 ## - INTERNATIONAL STANDARD BOOK NUMBER
International Standard Book Number 9575565932
100 ## - MAIN ENTRY--PERSONAL NAME
Personal name 羅伯遜 麥肯金 McQuilkin, J. Robertson
245 ## - TITLE STATEMENT
Title 在聖靈裡的生活 Zai sheng ling li de sheng huo = Life in the Spirit {ch} /
Statement of responsibility, etc 羅伯遜.麥肯金 Robertson McQuilkin
260 ## - PUBLICATION, DISTRIBUTION, ETC. (IMPRINT)
Place of publication, distribution, etc Taiwan :
Name of publisher, distributor, etc 橄欖出版 : 華宣發行 Taibei xian zhong he shi Gan lan chu ban Hua xuan fa xing,
Date of publication, distribution, etc 2008.
300 ## - PHYSICAL DESCRIPTION
Extent 374 p. :
Dimensions 21 cm.
490 ## - SERIES STATEMENT
Series statement Ling ming jin shen cong shu,
Volume number/sequential designation 37.
650 ## - SUBJECT ADDED ENTRY--TOPICAL TERM
Topical term or geographic name as entry element Holy Spirit {ch}
650 ## - SUBJECT ADDED ENTRY--TOPICAL TERM
Topical term or geographic name as entry element Spiritual life
General subdivision Christianity {ch}
942 ## - ADDED ENTRY ELEMENTS (KOHA)
Source of classification or shelving scheme Library of Congress Classification
Item type Books
Koha issues (borrowed), all copies 3
Holdings
Withdrawn status Lost status Source of classification or shelving scheme Damaged status Not for loan Home library Current library Shelving location Date acquired Source of acquisition Accession number Total Checkouts Full call number Barcode Date last seen Date last borrowed Price effective from Koha item type
    Library of Congress Classification     BSOP Library BSOP Library Chinese Books (General Circulation) 12/18/2012 Hua Xuan C-11336 3 BT121.3 M24 2008 00041783 04/04/2019 03/29/2019 02/23/2013 Books
BSOP

Biblical Seminary of the Philippines
  All rights Reserved
  © 2024

CONTACT INFORMATION

Biblical Seminary of the Philippines,
  77-B Karuhatan Road, Valenzuela City,
  PHILIPPINES 1441
  Phone: +632 8292-6795 / 8292-6798
  Fax : +632 8292-6675
  Email: library@bsop.edu.ph